Quiz o świecie (dla GeoMexa) - Statystyki

Ogólne statystyki
  • Ten quiz został rozwiązany 1 775 razy
  • Średni wynik to 19 z 25
Statystyki odpowiedzi
podpowiedź odpowiedź % Poprawnych
Stolicą tego państwa jest Londyn Wielka Brytania
94%
Państwo to ma na fladze 50 gwiazd- liczba stanów Stany Zjednoczone
92%
Największe państwo w afryce Algieria
91%
Flaga tego państwa zawiera liść klonowy Kanada
91%
Z jakiego państwa pochodzi Cristiano Ronaldo? Portugalia
90%
Państwo wchodzące kiedyś w skład kolonii Wielkiej Brytanii,znajdujące się w Australii i Oceanii. Ma podobną flagę do Australii. Nowa Zelandia
89%
W tym kraju znajduje się Koloseum Włochy
89%
Z tego kraju pochodzi Neymar Jr Brazylia
88%
Stolicą tego państwa jest Kair Egipt
88%
Do jakiego państwa należy Gujana Francuska? Francja
88%
Stolica Argentyny Buenos Aires
87%
To państwo graniczy z Argentyną, Boliwią i Peru Chile
86%
Stolicą tego państwa jest Berno Szwajcaria
86%
To państwo graniczy z Węgrami, Rumunią, Bułgarią, Macedonia Północną,Kosowem, Czarnogórą, Bośnią i Hercegowiną oraz z Chorwacją Serbia
84%
Stolica Słowacji Bratysława
83%
To państwo znajduję się na Morzu Śródziemnym, na południe od Włoch Malta
82%
To państwo ma powierzchnię wynoszącą 30 688 km2 ( podpowiedź- znajdujesię w Europie i jest na literę B) Belgia
79%
W tym państwie znajduję się Tadż Mahal Indie
69%
Największy land w Niemczech Bawaria
63%
Te terytorium leży na południowym krańcu Półwyspu Iberyjskiego, jest jedynymz najmniejszych terytoriów zależnych na świecie Gibraltar
63%
Najludniejsze miasto w Europie Stambuł
56%
Najdalej wysunięte państwo na wschód na świecie Kiribati
55%
Stolica Filipin Manila
55%
To państwo dołączyło do NATO w 2020 roku Macedonia Północna
39%
To państwo jest trzecim najbardziej zalesionym krajem w Europie Słowenia
34%
Nie znaleziono quizów pasujących do podanych kryteriów
Rozkład punktacji
Procent ludzi z każdym wynikiem
Percentyl według liczby udzielonych odpowiedzi
Twoja historia wyników
Nie rozwiązałeś tego quizu